Welcome to CU Library Online Public Access Catalogue (OPAC)

KNOW WHAT YOU BELIEVE; (Record no. 6932)

MARC details
000 -LEADER
fixed length control field 00403nam a22001577a 4500
005 - DATE AND TIME OF LATEST TRANSACTION
control field 20250712124152.0
008 - FIXED-LENGTH DATA ELEMENTS--GENERAL INFORMATION
fixed length control field 250712b |||||||| |||| 00| 0 eng d
020 ## - INTERNATIONAL STANDARD BOOK NUMBER
International Standard Book Number 9780781439640
050 ## - LIBRARY OF CONGRESS CALL NUMBER
Classification number BT77
Item number .L555 LIT
100 ## - MAIN ENTRY--PERSONAL NAME
Personal name LITTLE PAUL E.
245 ## - TITLE STATEMENT
Title KNOW WHAT YOU BELIEVE;
Remainder of title CONNECTING FAITH AND TRUTH
250 ## - EDITION STATEMENT
Edition statement 5th
260 ## - PUBLICATION, DISTRIBUTION, ETC.
Place of publication, distribution, etc. COLORADO
Name of publisher, distributor, etc. VICTOR
Date of publication, distribution, etc. c2003
300 ## - PHYSICAL DESCRIPTION
Extent 146p
942 ## - ADDED ENTRY ELEMENTS (KOHA)
Source of classification or shelving scheme Library of Congress Classification
Koha item type Books
Suppress in OPAC No
999 ## -
-- 6932
-- 6932
Holdings
Withdrawn status Lost status Source of classification or shelving scheme Damaged status Not for loan Collection Home library Current library Shelving location Date acquired Total checkouts Full call number Barcode Date last seen Copy number Price effective from Koha item type
    Library of Congress Classification     Non-fiction Undergraduate Library (Christ Temple) Undergraduate Library (Christ Temple) General stacks 07/12/2025   BT77.L555 LIT ulct00003798 07/12/2025 1 07/12/2025 Books
    Library of Congress Classification     Non-fiction Undergraduate Library (Christ Temple) Undergraduate Library (Christ Temple) General stacks 07/12/2025   BT77.L555 LIT ulct00003799 07/12/2025 2 07/12/2025 Books
© 2023-2024 Copyright: Central University Libraries. All Rights Reserved | Created by: Mahone Tech Office